Mystery Taylor Swift Song #83 - Statistics

General Stats
  • This quiz has been taken 319 times
  • The average score is 86 of 154
Answer Stats
Song % Correct
I
96%
a
94%
the
92%
The
92%
you
92%
You
92%
Do
89%
it
89%
The Tortured Poets Department
89%
And
88%
me
88%
me?
88%
my
88%
in
86%
to
86%
your
86%
who
85%
so
83%
for
82%
When
82%
But
79%
of
79%
hear
78%
know
78%
you're
77%
Then
76%
too
75%
Were
75%
it’s
74%
don't
73%
this
73%
was
73%
all
72%
That
72%
with
71%
as
70%
How
70%
if
70%
am
69%
did
69%
off
69%
just
68%
up
68%
some
67%
want
66%
Black
64%
Dog
63%
can't
62%
she's
62%
our
60%
someone
60%
Even
59%
Now
59%
'Cause
58%
die
58%
miss
58%
said
58%
The Black Dog
58%
turn
58%
young
58%
bar
57%
forgot
57%
Old
57%
song
57%
watch
57%
called
56%
Into
56%
walk
56%
habits
55%
heart
55%
location
55%
never
55%
screaming
55%
still
55%
until
55%
hate
54%
play
54%
recent
54%
understand
54%
him
53%
jump
53%
Starting
52%
events
51%
Line
51%
man
51%
new
51%
plays
51%
shared
51%
magic
49%
way
49%
dreaming
48%
hits
48%
hope
48%
secrets
48%
believe
47%
fabric
47%
remember
47%
house
46%
kills
46%
clothes
45%
come
45%
fire
45%
intertwined
45%
joke?
45%
shitty
45%
shower
45%
body
44%
fun
44%
making
44%
set
44%
smoke
44%
breathing
43%
pierce
43%
rain
43%
Six
43%
air
42%
clean
42%
holes
42%
sell
42%
shaking
42%
soaked
42%
weeks
42%
best
41%
demons
41%
priest
40%
those
40%
believed
39%
esoteric
39%
hire
39%
mean
39%
needed
39%
exorcise
38%
brave
36%
cruel
36%
open
36%
hazing?
35%
plans
35%
stay
35%
fraternity
34%
leaving
34%
through
34%
unspoken
34%
laid
33%
pledged
32%
proceeded
32%
world
32%
between
31%
heartbroken
31%
tail
31%
tragic
31%
legs
30%
move
30%
may
29%
longings
27%
No matching quizzes found
Score Distribution
Percent of People with Each Score
Percentile by Number Answered
Your Score History
You have not taken this quiz